000 nam a22 7a 4500
999 _c10665
_d10665
008 180220b ||||| |||| 00| 0 eng d
100 _aTiwari,S.K.
_96545
245 _aBased on CCE Social Science Civics-6
260 _aNew Delhi
_bWow Books
_c2012